Histoire de France par lettre - D - Statistiques

Statistiques générales
  • Ce quiz a été pris 48 268 fois
  • Le résultat moyen est 11 sur 20
Statistiques - réponses
Indices Réponses % Correct
En 1944, un premier eu lieu en Normandie puis un deuxième en Provence Débarquement
96%
Bon roi qui a mis sa culotte à l'envers Dagobert
94%
Capitaine dont l'accusation à tort d'être un espion au service de l'Allemagne déclencha l'une des plus grandes affaires de l'histoire politique française Alfred Dreyfus
85%
Bataille de mai-juin 1940 qui permit l'évacuation de centaines de milliers de soldats vers l'Angleterre par la ville du Nord de la France du même nom Dunkerque
77%
Mérovingiens, Carolingiens, Valois ou encore Bourbons Dynastie
72%
Titre attribué au fils aîné du Roi de France Dauphin
71%
Texte fondamental de la Révolution adopté le 26 août 1789 ajouté au préambule de la Constitution de 1958 Déclaration des droits de l'homme et du citoyen
69%
Philosophe des Lumières qui travailla à la rédaction de de l'Encyclopédie avec d'Alembert Denis Diderot
68%
Ville aux cent clochers et capitale du duché de Bourgogne Dijon
67%
Subdivision territoriale apparue en 1790, sur une proposition de l'abbé Sieyès Département
66%
Il pensa donc il fut René Descartes
65%
Représentant emblématique du romantisme notamment célèbre pour La Liberté guidant le peuple Eugène Delacroix
50%
Montagnard figure de la Révolution française, Président de la Convention en 1793 Georges Danton
49%
Processus d'aménagement du territoire par le transfert de pouvoirs aux collectivités territoriales ajouté à l'article premier de la Constitution en 2003 Décentralisation
40%
Premier Premier ministre de la Ve République, son fils Jean-Louis a pour sa part présidé l'Assemblée nationale puis le Conseil constitutionnel Michel Debré
33%
Bataille qui se solda par le retrait des troupes françaises du Nord du Viêt Nam Diên Biên Phu
31%
Maladie synonyme de folie furieuse dans le langage courant qui toucha Charles VI Démence
30%
Régime révolutionnaire auquel succéda le Consulat après le coup d'Etat de Napoléon Bonaparte le 18 brumaire de l'an VIII Directoire
30%
Jeanne d'Arc y naquit en l'an de grâce 1412 Domrémy-la-Pucelle
27%
Figure de la IIIe République dont on ne retient souvent que le bref passage à l'Elysée en 1920 au cours duquel il chuta d'un train en marche Paul Deschanel
20%
Aucun quiz correspondant
Distribution des résultats
% des personnes avec chaque résultat
Percentile par nombre de réponses
Votre historique - résultats
Vous n’avez pas pris ce quiz